| 000 | 01217nam a22002537a 4500 | ||
|---|---|---|---|
| 005 | 20170124103104.0 | ||
| 010 | _aA-959243 | ||
| 020 | _c100.00 | ||
| 035 | _aA-959243 | ||
| 037 | _bCen Lib/Ret | ||
| 040 |
_aDPL _bHN |
||
| 082 |
_aउ _bशुक्लअ |
||
| 100 |
_aशुक्ल, अमरनाथ _977864 |
||
| 245 |
_aहिंदी अकादेमी दिल्ली राज्य द्वारा साहित्यिक कृति पुरस्कार से सम्मानित अन्नदा / _cअमरनाथ शुक्ल |
||
| 246 |
_aHindi academi dilli rajya dwara sahityik kriti puraskar se smmanit annda _bby Amar Nath Shukl |
||
| 260 |
_a दिल्ली _bशुभकामना कला निकेतन प्रकाशन _c1998 |
||
| 270 |
_aनवीन शाहदरा _b दिल्ली _e110032 |
||
| 300 |
_a127पृष्ठ. _c20सेमी(सजिल्द) |
||
| 650 |
_aहिंदी साहित्य _977865 |
||
| 650 |
_aहिंदी उपन्यास _977866 |
||
| 650 |
_aHindi literature _977867 |
||
| 650 |
_aHindi novel _977868 |
||
| 942 |
_2ddc _cHN _hउ _mशुक्लअ |
||
| 999 |
_c117995 _d117995 |
||